| 000 | 00580nam a2200193 a 4500 | ||
|---|---|---|---|
| 005 | 20240925064705.0 | ||
| 008 | 060424s2003 mx r 000 0 spa d | ||
| 020 | _a9685679045 | ||
| 035 | _aUPN01000143876 | ||
| 049 | _aCG | ||
| 050 | 4 |
_aJC330 _bA9.6 |
|
| 100 | 1 |
_aAyala Blanco, Luis Alberto, _d1969- _931924 |
|
| 245 | 1 | 3 |
_aEl poder frente a sí mismo / _cLuis Alberto Ayala Blanco, Citlali Marroquín. |
| 260 |
_aMéxico : _bSexto Piso, _c2003. |
||
| 300 | _a115 p. | ||
| 650 | 4 |
_aPoder (Ciencias sociales) _91203 |
|
| 700 | 1 |
_aMarroquín, Citlali, _ecoaut. |
|
| 905 | _aLibro | ||
| 999 |
_c116023 _d116023 |
||